[Event "12sen.WM-D Naumburg"]
[Site "Naumburg/Saale(20.10.-03.11.)"]
[Date "2002.10.28"]
[Round "6"]
[White "Beliaeva, Natalia"]
[Black "Blagonadezhnaya, Idea"]
[Result "1-0"]
[WhiteElo "2111"]
[BlackElo "2026"]
[PlyCount "83"]
[EventDate "2002.11.??"]

1. d4 g6 2. e4 Bg7 3. f4 d6 4. Nf3 c5 5. c3 Nc6 6. d5 Nb8 7. Be3 Nf6 8. Nbd2
Ng4 9. Bg1 O-O 10. h3 Nh6 11. Bc4 Nd7 12. Be3 Nb6 13. Bb3 Qc7 14. Qe2 Bd7 15.
g4 f5 16. gxf5 gxf5 17. e5 Rac8 18. Rg1 Kh8 19. e6 Be8 20. O-O-O Na4 21. Rxg7
Kxg7 22. Qg2+ Kh8 23. Qg5 Rf6 24. Nh4 c4 25. Rg1 Ng4 26. Bd4 cxb3 27. axb3 Nc5
28. Nxf5 Bg6 29. Rxg4 Nd3+ 30. Kd1 Nf2+ 31. Bxf2 Rxf5 32. Bd4+ Rf6 33. f5 Rg8
34. fxg6 Rgxg6 35. Qh5 Kg7 36. Rxg6+ hxg6 37. Qg5 Qa5 38. h4 Kh7 39. Bxf6 exf6
40. Qxf6 Qxd5 41. e7 Qh1+ 42. Kc2 1-0

[Event "12sen.WM-D Naumburg"]
[Site "Naumburg/Saale(20.10.-03.11.)"]
[Date "2002.10.28"]
[Round "6"]
[White "Dmitrieva, Alla"]
[Black "Mosionzhik, Bronia"]
[Result "0-1"]
[WhiteElo "1566"]
[BlackElo "2095"]
[PlyCount "41"]
[EventDate "2002.11.??"]

1. e4 c5 2. Nc3 d6 3. Nf3 g6 4. h3 Bg7 5. Bc4 Nc6 6. Bb5 Bd7 7. Bxc6 Bxc6 8. d4
b6 9. d5 Bd7 10. O-O Nf6 11. Re1 O-O 12. e5 dxe5 13. Nxe5 Qc8 14. Nc4 Qa6 15.
Ne3 b5 16. Qf3 Qb7 17. Ne2 Bc8 18. Nf4 Qc7 19. Rb1 Bb7 20. b3 Bh6 21. Nd3 0-1

[Event "12sen.WM-D Naumburg"]
[Site "Naumburg/Saale(20.10.-03.11.)"]
[Date "2002.10.28"]
[Round "6"]
[White "Fatalibekova, Elena"]
[Black "Litinskaya, Marta_I"]
[Result "1-0"]
[WhiteElo "2297"]
[BlackElo "2402"]
[PlyCount "51"]
[EventDate "2002.11.??"]

1. d4 Nf6 2. Nf3 e6 3. e3 c5 4. Bd3 b6 5. O-O Bb7 6. c4 Be7 7. Nc3 cxd4 8. exd4
d6 9. d5 e5 10. Ng5 h6 11. Nge4 Nbd7 12. f4 Qc7 13. Nb5 Qb8 14. fxe5 Nxe4 15.
e6 Ndf6 16. exf7+ Kf8 17. Nd4 Nc5 18. Bg6 a5 19. Qe2 Qc7 20. Bf4 Ba6 21. Qc2
Rd8 22. Rae1 Nxd5 23. cxd5 Bxf1 24. Kxf1 Qd7 25. h3 Bh4 26. Bxd6+ 1-0

[Event "12sen.WM-D Naumburg"]
[Site "Naumburg/Saale(20.10.-03.11.)"]
[Date "2002.10.28"]
[Round "6"]
[White "Komicheva, Margarita"]
[Black "Shestoperova, Alexandrova"]
[Result "1-0"]
[WhiteElo "2186"]
[BlackElo "2169"]
[PlyCount "125"]
[EventDate "2002.11.??"]

1. e4 e6 2. d4 d5 3. Nd2 dxe4 4. Nxe4 Nd7 5. Nf3 Ngf6 6. Nxf6+ Nxf6 7. Bd3 c5
8. O-O Qc7 9. Qe2 a6 10. c4 cxd4 11. Nxd4 Bc5 12. Nf3 O-O 13. Bg5 Be7 14. Ne5
Rd8 15. Rad1 Bd7 16. Rfe1 Be8 17. Qf3 Bc6 18. Nxc6 bxc6 19. Qh3 Qa5 20. Bxh7+
Kf8 21. Qh4 Rxd1 22. Rxd1 Rd8 23. Rxd8+ Bxd8 24. Bd3 Qe1+ 25. Bf1 Kg8 26. Qd4
Be7 27. g3 a5 28. Kg2 c5 29. Qd2 Qe4+ 30. f3 Qb7 31. Bd3 a4 32. a3 Ne8 33. Bxe7
Qxe7 34. Be2 Qd6 35. Qxd6 Nxd6 36. Bd3 f5 37. Kf2 Kf7 38. h4 e5 39. Ke3 Kf6 40.
g4 f4+ 41. Kd2 e4 42. fxe4 Ke5 43. Ke2 Kd4 44. e5 Kxe5 45. h5 Nf7 46. Bc2 Nd6
47. Bxa4 Nxc4 48. b4 cxb4 49. axb4 Nb6 50. Bc6 Kf6 51. Bf3 Ke5 52. Kd3 Nd7 53.
Kc4 Nb6+ 54. Kb5 Nd5 55. Kc5 Nc3 56. b5 Na4+ 57. Kc6 Kd4 58. g5 Ke5 59. b6 Nxb6
60. Kxb6 Kf5 61. g6 Kg5 62. Kc5 Kf6 63. Kd6 1-0

[Event "12sen.WM-D Naumburg"]
[Site "Naumburg/Saale(20.10.-03.11.)"]
[Date "2002.10.28"]
[Round "6"]
[White "Krawcewicz, Lucyna"]
[Black "Gumilevskaja, Galina"]
[Result "0-1"]
[WhiteElo "2035"]
[BlackElo "2093"]
[PlyCount "100"]
[EventDate "2002.11.??"]

1. d4 Nf6 2. Nf3 e6 3. Bg5 Be7 4. c4 c5 5. Nc3 O-O 6. e4 cxd4 7. Nxd4 Qa5 8.
Bd2 Qe5 9. Nf3 Qc7 10. h3 a6 11. e5 Ne8 12. Bd3 Nc6 13. Qe2 f6 14. exf6 Bxf6
15. O-O g6 16. Rad1 d6 17. Bh6 Bg7 18. Bxg7 Qxg7 19. Bb1 e5 20. Be4 Bf5 21. Ng5
Nd4 22. Qe3 Rc8 23. Bd5+ Kh8 24. Nge4 h6 25. Rd2 g5 26. Ng3 g4 27. Nxf5 Nxf5
28. Qd3 Nd4 29. hxg4 Qxg4 30. Bxb7 Rc7 31. Bd5 Rg7 32. Ne2 Nf6 33. Nxd4 Nxd5
34. f3 Qh3 35. cxd5 Rfg8 36. Rff2 Rg5 37. g4 Rxg4+ 38. fxg4 Rxg4+ 39. Rg2 Rxg2+
40. Rxg2 Qxd3 41. Ne6 Qxd5 42. Nf8 Qf7 43. Rf2 Qxa2 44. Ng6+ Kg7 45. Ne7 Qe6
46. Nf5+ Kg6 47. Nh4+ Kh5 48. Nf5 Qg6+ 49. Kh2 Qg4 50. Nxd6 Qd4 0-1

[Event "12sen.WM-D Naumburg"]
[Site "Naumburg/Saale(20.10.-03.11.)"]
[Date "2002.10.28"]
[Round "6"]
[White "Luft, Helga"]
[Black "Hoose, Hannelore"]
[Result "1/2-1/2"]
[WhiteElo "1761"]
[BlackElo "1622"]
[PlyCount "48"]
[EventDate "2002.11.??"]

1. d4 Nf6 2. Nf3 e6 3. Bf4 d6 4. h3 b6 5. e3 Bb7 6. c3 Be7 7. Nbd2 h6 8. Bd3 a5
9. Qc2 Ba6 10. c4 Nbd7 11. e4 Kf8 12. O-O Ne8 13. e5 d5 14. cxd5 Bxd3 15. Qxd3
exd5 16. Rac1 c5 17. dxc5 Nxc5 18. Qf5 Ne6 19. Rc6 Nxf4 20. Qxf4 g5 21. Qf5 Ng7
22. Qd3 Ne6 23. Re1 Bc5 24. Nb3 Qd7 1/2-1/2

[Event "12sen.WM-D Naumburg"]
[Site "Naumburg/Saale(20.10.-03.11.)"]
[Date "2002.10.28"]
[Round "6"]
[White "Purevdorj, Bujinlkhoun"]
[Black "Erenska_Barlo, Hanna"]
[Result "0-1"]
[WhiteElo "1998"]
[BlackElo "2183"]
[PlyCount "43"]
[EventDate "2002.11.??"]

1. e4 c5 2. Nf3 a6 3. d4 cxd4 4. Nxd4 Nf6 5. Nc3 e5 6. Nb3 Bb4 7. a3 Bxc3+ 8.
bxc3 O-O 9. Bg5 h6 10. Bxf6 Qxf6 11. c4 d6 12. Qd2 Nc6 13. Rd1 Rd8 14. Be2 Qg6
15. Bf3 Be6 16. Qd3 a5 17. c3 Ne7 18. Nd2 d5 19. Qb1 dxe4 20. Be2 Nc6 21. Nxe4
f5 22. Ng3 0-1

[Event "12sen.WM-D Naumburg"]
[Site "Naumburg/Saale(20.10.-03.11.)"]
[Date "2002.10.28"]
[Round "6"]
[White "Richter, Hildegard"]
[Black "Zakhvatova, Roufina"]
[Result "1-0"]
[WhiteElo "1706"]
[BlackElo "1558"]
[PlyCount "97"]
[EventDate "2002.11.??"]

1. d4 d5 2. Nf3 Nf6 3. Bg5 e6 4. e3 Be7 5. Nbd2 O-O 6. Bd3 Nbd7 7. c3 b6 8. O-O
c5 9. Qe2 Bb7 10. Bxf6 Bxf6 11. Rad1 c4 12. Bc2 Qc7 13. e4 e5 14. dxe5 Nxe5 15.
Nxe5 Bxe5 16. Nf3 dxe4 17. Bxe4 Bxe4 18. Qxe4 Rfe8 19. Nxe5 Qxe5 20. Qxc4 Rac8
21. Qd3 Qe6 22. Qb1 g6 23. Rfe1 Qc6 24. h3 Rxe1+ 25. Rxe1 Re8 26. Rxe8+ Qxe8
27. Qd1 Qe6 28. b3 a5 29. Kf1 Qc6 30. Qd4 Qb5+ 31. c4 Qc5 32. Qxc5 bxc5 33. Ke2
Kf8 34. Kd3 Ke7 35. a3 Kd6 36. Kc3 Kc6 37. b4 axb4+ 38. axb4 cxb4+ 39. Kxb4 g5
40. g4 h6 41. f3 f6 42. Kc3 Kc5 43. Kd3 Kc6 44. Ke4 Kc5 45. Kf5 Kxc4 46. Kxf6
Kd4 47. Kg6 Ke3 48. Kxh6 Kf4 49. Kh5 1-0

[Event "12sen.WM-D Naumburg"]
[Site "Naumburg/Saale(20.10.-03.11.)"]
[Date "2002.10.28"]
[Round "6"]
[White "Shoushpanova, Nina"]
[Black "Gudova, Tamara"]
[Result "1-0"]
[WhiteElo "2058"]
[BlackElo "2060"]
[PlyCount "53"]
[EventDate "2002.11.??"]

1. e4 e6 2. b3 d5 3. Bb2 dxe4 4. Nc3 Nf6 5. g4 h6 6. Bg2 Bd7 7. Nxe4 Nxe4 8.
Bxe4 Bc6 9. Qe2 Qh4 10. h3 Bxe4 11. Qxe4 Nc6 12. Nf3 Qe7 13. O-O-O O-O-O 14.
Rhe1 Qc5 15. d4 Qa5 16. a4 Bd6 17. d5 exd5 18. Qf5+ Kb8 19. Bxg7 Ba3+ 20. Kb1
Rhg8 21. Bxh6 Rh8 22. Bd2 Bc5 23. h4 b5 24. axb5 Qxb5 25. Bc3 Rhg8 26. Ne5 Nxe5
27. Rxe5 1-0

[Event "12sen.WM-D Naumburg"]
[Site "Naumburg/Saale(20.10.-03.11.)"]
[Date "2002.10.28"]
[Round "6"]
[White "Sorokina, Tamara"]
[Black "Janssen, Liselotte"]
[Result "1-0"]
[WhiteElo "2133"]
[BlackElo "1843"]
[PlyCount "88"]
[EventDate "2002.11.??"]

1. Nf3 d5 2. b3 Nf6 3. Bb2 e6 4. g3 b6 5. Bg2 Bb7 6. O-O Nbd7 7. c4 dxc4 8.
bxc4 c5 9. d3 Bd6 10. e4 e5 11. Nc3 a6 12. a4 O-O 13. Qe2 Bc6 14. Nh4 g6 15.
Bc1 Re8 16. Nd5 b5 17. axb5 axb5 18. Bg5 Bxd5 19. exd5 b4 20. Bh3 Qc7 21. Qb2
Qb7 22. Ng2 Rxa1 23. Rxa1 Ra8 24. Rb1 Ne8 25. f4 exf4 26. Bxf4 Bxf4 27. Nxf4
Nb6 28. Qe5 Qc7 29. Qxc7 Nxc7 30. d4 Nxc4 31. dxc5 Na6 32. Nd3 Nd2 33. Rd1 Ne4
34. c6 Nc3 35. Rd2 Nxd5 36. Nb2 Nac7 37. Bg2 Nf6 38. Rd4 Rb8 39. h4 h5 40. Bf3
Kf8 41. Kf2 Ke7 42. Be2 Ke6 43. Bc4+ Ncd5 44. c7 Rc8 1-0

[Event "12sen.WM-D Naumburg"]
[Site "Naumburg/Saale(20.10.-03.11.)"]
[Date "2002.10.28"]
[Round "6"]
[White "Sotter, Gerlinde"]
[Black "Froeling, Philippa"]
[Result "1-0"]
[WhiteElo "1609"]
[BlackElo "1306"]
[PlyCount "79"]
[EventDate "2002.11.??"]

1. Nf3 Nf6 2. d4 d5 3. c4 c6 4. Bf4 g6 5. e3 Bg7 6. Nc3 O-O 7. Be2 e6 8. O-O
Nbd7 9. Qc2 Re8 10. h3 Qe7 11. Rac1 dxc4 12. Bxc4 Nb6 13. Bd3 Nbd5 14. Bh2 Nb4
15. Qb1 Nxd3 16. Qxd3 Nd5 17. Ne4 Rd8 18. a3 Nf6 19. Qc2 Nxe4 20. Qxe4 Rd5 21.
Qc2 Bd7 22. Rfd1 Rc8 23. b4 b6 24. e4 Rb5 25. Qd2 a5 26. Rb1 axb4 27. Rxb4 Rxb4
28. axb4 b5 29. Rc1 Ra8 30. Bc7 Ra4 31. Rc5 Be8 32. Ba5 Qd7 33. e5 Bf8 34. Rc1
Qd5 35. Rc2 Qb3 36. Rb2 Qa3 37. Rb1 Qa2 38. Qxa2 Rxa2 39. Bc7 Rc2 40. Bd6 1-0

[Event "12sen.WM-D Naumburg"]
[Site "Naumburg/Saale(20.10.-03.11.)"]
[Date "2002.10.28"]
[Round "6"]
[White "Strelnikova, Elena"]
[Black "Khmiadashvili, Tamari"]
[Result "0-1"]
[WhiteElo "2175"]
[BlackElo "2330"]
[PlyCount "82"]
[EventDate "2002.11.??"]

1. e4 c6 2. d4 g6 3. c3 Bg7 4. Be3 d5 5. e5 f6 6. exf6 exf6 7. Nf3 Ne7 8. Be2
O-O 9. O-O Nf5 10. Bd2 Nd6 11. Qc1 Re8 12. Re1 Be6 13. Na3 b5 14. Nc2 g5 15. a4
a5 16. axb5 cxb5 17. Na3 Bd7 18. Nc2 Nc6 19. Ne3 Ne7 20. h3 Nc4 21. Nh2 Nxe3
22. Bxe3 Nf5 23. Bf3 Be6 24. Bd2 Bf7 25. Qc2 Nd6 26. Ng4 Nc4 27. Rxe8+ Qxe8 28.
Re1 Qc6 29. Bc1 a4 30. Ne3 Nxe3 31. Rxe3 Rb8 32. Qf5 b4 33. Re7 Rd8 34. Re3 Bf8
35. c4 Qxc4 36. Qxf6 Qxc1+ 37. Kh2 Qc7+ 38. g3 h6 39. h4 Bg7 40. Qe7 Qxe7 41.
Rxe7 Bxd4 0-1

[Event "12sen.WM-D Naumburg"]
[Site "Naumburg/Saale(20.10.-03.11.)"]
[Date "2002.10.29"]
[Round "7"]
[White "Abdikasova, Panno"]
[Black "Sorokina, Tamara"]
[Result "1/2-1/2"]
[WhiteElo "1976"]
[BlackElo "2133"]
[PlyCount "142"]
[EventDate "2002.11.??"]

1. d4 d5 2. Nf3 e6 3. c4 Nf6 4. Nc3 c6 5. Bg5 Be7 6. e3 Nbd7 7. Rc1 O-O 8. Bd3
Re8 9. O-O Nf8 10. Ne5 N6d7 11. Bxe7 Qxe7 12. f4 f6 13. Nxd7 Bxd7 14. e4 dxc4
15. Bxc4 b5 16. Bb3 Kh8 17. Qe2 a6 18. Qf2 Rac8 19. Ne2 Red8 20. Rc5 Be8 21.
Rfc1 Bg6 22. Qf3 Qd7 23. g4 Be8 24. f5 Qe7 25. Qe3 g5 26. e5 exf5 27. gxf5 Bd7
28. Ng3 h5 29. Qf2 Be8 30. Ne4 Nh7 31. e6 Rb8 32. d5 Rb7 33. d6 Rxd6 34. Nxd6
Qxd6 35. Rd1 Qe7 36. Rc2 g4 37. Qc5 Qxc5+ 38. Rxc5 Kg7 39. Rd8 Re7 40. Rxe8
Rxe8 41. Rxc6 Re7 42. Rxa6 Ng5 43. Bd5 Nh3+ 44. Kf1 Nf4 45. Bc6 Kh6 46. Rb6 Rc7
47. Bxb5 Kg5 48. Rc6 Rh7 49. Rd6 Rc7 50. Rd7 Rc1+ 51. Kf2 Rc2+ 52. Ke3 Rxb2 53.
a4 Rb1 54. Kd2 Rb2+ 55. Kc3 Rb1 56. Kd4 Kxf5 57. e7 Re1 58. Ra7 Ne6+ 59. Kc3
Ng7 60. a5 h4 61. a6 g3 62. hxg3 hxg3 63. Bd7+ Kf4 64. Bh3 Kf3 65. Rd7 Ra1 66.
Rd3+ Kf4 67. Rd4+ Kf3 68. Rd3+ Kf4 69. Rd4+ Kf3 70. Rg4 Ne8 71. Rg8 Nc7 1/2-1/2

[Event "12sen.WM-D Naumburg"]
[Site "Naumburg/Saale(20.10.-03.11.)"]
[Date "2002.10.29"]
[Round "7"]
[White "Blagonadezhnaya, Idea"]
[Black "Erenska_Barlo, Hanna"]
[Result "0-1"]
[WhiteElo "2026"]
[BlackElo "2183"]
[PlyCount "118"]
[EventDate "2002.11.??"]

1. e4 d5 2. exd5 Nf6 3. Nc3 Nxd5 4. d4 g6 5. Nf3 Bg7 6. Be2 O-O 7. O-O Nxc3 8.
bxc3 c5 9. Be3 Nd7 10. Qd2 Nf6 11. Bh6 Ne4 12. Qe3 Nxc3 13. Bxg7 Nxe2+ 14. Qxe2
Kxg7 15. Qe5+ f6 16. Qxc5 b6 17. Qb4 Qd6 18. a3 Bg4 19. Rfe1 Rf7 20. Re3 Rc8
21. c3 h5 22. Nd2 Qd7 23. Rae1 Rc7 24. h3 Bf5 25. Nf3 g5 26. Qb2 b5 27. Nd2 Qd5
28. Nb3 Bc8 29. Nc5 e5 30. f3 a6 31. Re4 Rc6 32. g4 exd4 33. cxd4 f5 34. R4e3
hxg4 35. hxg4 Rh6 36. Re7 Qxf3 37. d5+ Rhf6 38. Ne6+ Bxe6 39. R1xe6 fxg4 40. d6
Qf1+ 41. Kh2 Qh3+ 42. Kg1 Qg3+ 43. Kh1 Qf3+ 44. Kg1 g3 45. Rxf6 Qxf6 46. Qxf6+
Kxf6 47. Re3 Rd7 48. Rd3 Ke5 49. Rxg3 Rxd6 50. Rxg5+ Kd4 51. Kf2 Re6 52. Rg4+
Kc3 53. Rg3+ Kb2 54. Rd3 Rc6 55. a4 b4 56. Ke1 b3 57. Kd1 Ka2 58. a5 b2 59. Rd2
Ka1 0-1

[Event "12sen.WM-D Naumburg"]
[Site "Naumburg/Saale(20.10.-03.11.)"]
[Date "2002.10.29"]
[Round "7"]
[White "Froeling, Philippa"]
[Black "Lein, Marina"]
[Result "0-1"]
[WhiteElo "1306"]
[BlackElo "1979"]
[PlyCount "65"]
[EventDate "2002.11.??"]

1. Nf3 Nf6 2. d4 c5 3. dxc5 Qa5+ 4. Bd2 Qxc5 5. b4 Qb6 6. a4 Ne4 7. e3 g6 8. a5
Qf6 9. c3 Bg7 10. Ra3 Nxd2 11. Qxd2 O-O 12. Nd4 Nc6 13. Nxc6 dxc6 14. Be2 Bf5
15. O-O Rad8 16. Qc1 Bd3 17. Bxd3 Rxd3 18. Rd1 Rfd8 19. Rxd3 Rxd3 20. Ra2 Qd6
21. Rd2 Rxd2 22. Nxd2 Qd3 23. Nb1 a6 24. Qf1 Qc2 25. Qe1 e6 26. f4 f5 27. h4
Kf7 28. Kh2 Ke7 29. Kg3 Bf6 30. Kh3 Kd6 31. g4 fxg4+ 32. Kxg4 Qg2+ 33. Qg3 0-1

[Event "12sen.WM-D Naumburg"]
[Site "Naumburg/Saale(20.10.-03.11.)"]
[Date "2002.10.29"]
[Round "7"]
[White "Gudova, Tamara"]
[Black "Richter, Hildegard"]
[Result "1-0"]
[WhiteElo "2060"]
[BlackElo "1706"]
[PlyCount "87"]
[EventDate "2002.11.??"]

1. d4 Nf6 2. c4 e6 3. Nc3 Bb4 4. e3 c5 5. Nge2 Ne4 6. a3 Qa5 7. Bd2 Bxc3 8.
Nxc3 Nxd2 9. Qxd2 a6 10. Be2 O-O 11. O-O cxd4 12. Qxd4 Nc6 13. Qd6 Qe5 14. Rfd1
f5 15. Qxe5 Nxe5 16. Na4 Nxc4 17. Bxc4 b5 18. Nb6 Ra7 19. Be2 d5 20. Nxc8 Rxc8
21. Rac1 Rac7 22. Rxc7 Rxc7 23. Bd3 Kf7 24. Kf1 Kf6 25. Ke2 e5 26. Kd2 Rc6 27.
Rc1 Rd6 28. Rc8 g6 29. h4 d4 30. e4 f4 31. g3 fxg3 32. fxg3 h6 33. Be2 Rb6 34.
Bg4 Ke7 35. Rc5 h5 36. Bd1 Kf6 37. Bb3 a5 38. Bd5 Kg7 39. Rc7+ Kf8 40. Rc6 Rxc6
41. Bxc6 b4 42. axb4 axb4 43. Kd3 Ke7 44. Kc4 1-0

[Event "12sen.WM-D Naumburg"]
[Site "Naumburg/Saale(20.10.-03.11.)"]
[Date "2002.10.29"]
[Round "7"]
[White "Hoose, Hannelore"]
[Black "Dmitrieva, Alla"]
[Result "1/2-1/2"]
[WhiteElo "1622"]
[BlackElo "1566"]
[PlyCount "70"]
[EventDate "2002.11.??"]

1. e4 c5 2. Nc3 Nc6 3. f4 e6 4. Nf3 g6 5. e5 Bg7 6. Ne4 Bf8 7. c3 d5 8. exd6
Bxd6 9. Nxd6+ Qxd6 10. d4 cxd4 11. Bb5 Bd7 12. Bxc6 Bxc6 13. O-O O-O-O 14. Qxd4
Qxd4+ 15. Nxd4 Ne7 16. Nxc6 Nxc6 17. Be3 b6 18. Rad1 Rxd1 19. Rxd1 Rd8 20.
Rxd8+ Kxd8 21. Kf2 Kd7 22. h3 Kd6 23. Ke2 e5 24. fxe5+ Kxe5 25. b3 Ke4 26. a3
b5 27. a4 a6 28. axb5 axb5 29. Bd2 f5 30. h4 f4 31. Be1 Ne5 32. Bd2 f3+ 33.
gxf3+ Nxf3 34. Bg5 Nxg5 35. hxg5 Kf5 1/2-1/2

[Event "12sen.WM-D Naumburg"]
[Site "Naumburg/Saale(20.10.-03.11.)"]
[Date "2002.10.29"]
[Round "7"]
[White "Janssen, Liselotte"]
[Black "Purevdorj, Bujinlkhoun"]
[Result "1/2-1/2"]
[WhiteElo "1843"]
[BlackElo "1998"]
[PlyCount "89"]
[EventDate "2002.11.??"]

1. d4 d5 2. c4 e6 3. Nf3 Nf6 4. Nc3 Be7 5. Bg5 O-O 6. e3 Nbd7 7. Bd3 b6 8. O-O
Bb7 9. Rc1 h6 10. Bh4 a6 11. h3 c5 12. cxd5 exd5 13. b3 Ne4 14. Bxe7 Qxe7 15.
Be2 Rac8 16. dxc5 Nxc3 17. Rxc3 bxc5 18. Bd3 Ne5 19. Nxe5 Qxe5 20. Qc2 d4 21.
exd4 cxd4 22. Rxc8 Rxc8 23. Qd2 Rc3 24. Rd1 Rc8 25. Re1 Qd6 26. Qe2 Kf8 27. Bc4
Rd8 28. Qh5 Rd7 29. Qe2 Re7 30. Qxe7+ Qxe7 31. Rxe7 Kxe7 32. f3 f6 33. Kf2 Kd6
34. Ke2 a5 35. Kd3 Ke5 36. a3 g5 37. b4 axb4 38. axb4 f5 39. Ke2 g4 40. hxg4
fxg4 41. Kf2 gxf3 42. gxf3 h5 43. b5 h4 44. b6 h3 45. Bf1 1/2-1/2

[Event "12sen.WM-D Naumburg"]
[Site "Naumburg/Saale(20.10.-03.11.)"]
[Date "2002.10.29"]
[Round "7"]
[White "Khmiadashvili, Tamari"]
[Black "Komicheva, Margarita"]
[Result "1-0"]
[WhiteElo "2330"]
[BlackElo "2186"]
[PlyCount "83"]
[EventDate "2002.11.??"]

1. d4 c5 2. c3 e6 3. Nf3 Nf6 4. g3 Be7 5. Bg2 d5 6. O-O O-O 7. Bg5 Nbd7 8. Nbd2
b6 9. Re1 Bb7 10. e3 Rc8 11. Ne5 Nxe5 12. dxe5 Nd7 13. Bxe7 Qxe7 14. f4 f6 15.
exf6 Nxf6 16. e4 Qf7 17. e5 Ne8 18. a4 Nc7 19. c4 Rcd8 20. Qe2 Ba6 21. b3 Rd7
22. a5 Rfd8 23. axb6 axb6 24. Rxa6 Nxa6 25. cxd5 Nb4 26. d6 Ra7 27. Ne4 Ra2 28.
Qg4 h6 29. Nc3 Rc2 30. Qf3 Qa7 31. Bh3 Qd7 32. f5 exf5 33. Nd5 Nxd5 34. Qxd5+
Kf8 35. e6 Qxd6 36. Qxf5+ Kg8 37. Qxc2 Re8 38. Qe4 Re7 39. Bf5 g5 40. Kg2 Ra7
41. e7 Ra2+ 42. Kh3 1-0

[Event "12sen.WM-D Naumburg"]
[Site "Naumburg/Saale(20.10.-03.11.)"]
[Date "2002.10.29"]
[Round "7"]
[White "Litinskaya, Marta_I"]
[Black "Gumilevskaja, Galina"]
[Result "1-0"]
[WhiteElo "2402"]
[BlackElo "2093"]
[PlyCount "59"]
[EventDate "2002.11.??"]

1. c4 e5 2. Nc3 Nf6 3. g3 Bb4 4. Bg2 Nc6 5. e4 d6 6. Nge2 a5 7. O-O Be6 8. d3
Qd7 9. Nd5 O-O-O 10. a3 Bc5 11. b4 Bb6 12. Nxb6+ cxb6 13. Be3 Bh3 14. Bxb6 Rde8
15. f3 h5 16. Rf2 g5 17. b5 Nd8 18. Qd2 Bxg2 19. Rxg2 Qe6 20. Qxa5 Re7 21. Rc1
g4 22. f4 Nh7 23. c5 d5 24. c6 bxc6 25. Qa8+ Kd7 26. bxc6+ Nxc6 27. Qxh8 f5 28.
Qa8 fxe4 29. f5 Qf6 30. Rxc6 1-0

[Event "12sen.WM-D Naumburg"]
[Site "Naumburg/Saale(20.10.-03.11.)"]
[Date "2002.10.29"]
[Round "7"]
[White "Malinicheva, Lidiya"]
[Black "Beliaeva, Natalia"]
[Result "1/2-1/2"]
[WhiteElo "2111"]
[BlackElo "2111"]
[PlyCount "105"]
[EventDate "2002.11.??"]

1. e4 c5 2. Nf3 d6 3. Bb5+ Bd7 4. Bxd7+ Nxd7 5. O-O Ngf6 6. Re1 e6 7. c3 Be7 8.
d4 cxd4 9. cxd4 d5 10. exd5 Nxd5 11. Qb3 Qb6 12. Qa4 Qb4 13. Qd1 O-O 14. a3 Qd6
15. Nbd2 Rac8 16. Ne4 Qb6 17. Re2 N7f6 18. Ng3 Rfd8 19. Rc2 Qb3 20. Rd2 Qxd1+
21. Rxd1 Rc2 22. Ne1 Rc6 23. h3 Bd6 24. Rd3 Rdc8 25. Bd2 h6 26. Rb3 b6 27. Rd1
Rc4 28. Ne2 Ne4 29. Be3 a5 30. g3 Be7 31. Kg2 a4 32. Rbd3 g5 33. f3 Nd6 34. Bd2
Nf5 35. g4 Nh4+ 36. Kf2 Ng6 37. Rc1 b5 38. b3 Rxc1 39. Bxc1 axb3 40. Rxb3 b4
41. axb4 Bxb4 42. Nd3 Bd6 43. Ba3 Bxa3 44. Rxa3 Rc2 45. Ke1 Ndf4 46. Ndxf4 Nxf4
47. Nxf4 gxf4 48. h4 Rc4 49. Rd3 Kf8 50. Ke2 Ke8 51. Rd2 Rc3 52. Rd3 Rc2+ 53.
Rd2 1/2-1/2

[Event "12sen.WM-D Naumburg"]
[Site "Naumburg/Saale(20.10.-03.11.)"]
[Date "2002.10.29"]
[Round "7"]
[White "Mosionzhik, Bronia"]
[Black "Krawcewicz, Lucyna"]
[Result "1/2-1/2"]
[WhiteElo "2095"]
[BlackElo "2035"]
[PlyCount "85"]
[EventDate "2002.11.??"]

1. e4 e6 2. d4 d5 3. Nd2 Nf6 4. e5 Nfd7 5. Bd3 c5 6. c3 Nc6 7. Ne2 Qb6 8. Nf3
cxd4 9. cxd4 Bb4+ 10. Bd2 Bxd2+ 11. Qxd2 Qb4 12. Rc1 Qxd2+ 13. Nxd2 a6 14. O-O
O-O 15. a3 f6 16. f4 Nb6 17. b4 Bd7 18. Nb3 Na4 19. Nc5 Nxc5 20. Rxc5 fxe5 21.
fxe5 Rxf1+ 22. Kxf1 g6 23. g3 Rf8+ 24. Kg2 Rc8 25. Rc1 Kg7 26. Kf2 Rf8+ 27. Ke3
g5 28. h4 h6 29. hxg5 hxg5 30. Rh1 Rh8 31. Rxh8 Kxh8 32. Nc1 Nb8 33. Nb3 b6 34.
Nd2 Kg7 35. Nf1 Be8 36. Nh2 Bh5 37. g4 Bg6 38. Nf1 Bxd3 39. Kxd3 Nc6 40. Ng3
Na7 41. Nh5+ Kf7 42. a4 b5 43. a5 1/2-1/2

[Event "12sen.WM-D Naumburg"]
[Site "Naumburg/Saale(20.10.-03.11.)"]
[Date "2002.10.29"]
[Round "7"]
[White "Shestoperova, Alexandrova"]
[Black "Shoushpanova, Nina"]
[Result "1/2-1/2"]
[WhiteElo "2169"]
[BlackElo "2058"]
[PlyCount "94"]
[EventDate "2002.11.??"]

1. d4 g6 2. Nf3 Bg7 3. c4 c6 4. e4 d6 5. h3 Nf6 6. Nc3 O-O 7. Bd3 Nbd7 8. O-O
Qc7 9. Be3 e5 10. d5 cxd5 11. cxd5 a6 12. Rc1 Qd8 13. b4 Nh5 14. Bg5 f6 15. Bd2
Nf4 16. Bb1 Rf7 17. Kh2 Nf8 18. Bxf4 exf4 19. Nd4 Qb6 20. a3 f5 21. Nce2 fxe4
22. Bxe4 Be5 23. Kh1 Bd7 24. Qd2 Rc8 25. Qd3 Re7 26. f3 Ree8 27. Qd2 Red8 28.
Rfe1 Rxc1 29. Rxc1 Rc8 30. Rxc8 Bxc8 31. Qc3 Bd7 32. Qc4 Qd8 33. Ne6 Qh4 34.
Ng1 Qf2 35. Qe2 Qxe2 36. Nxe2 Nxe6 37. dxe6 Bxe6 38. Bxb7 Bc4 39. Ng1 Bb2 40.
a4 Bc3 41. b5 axb5 42. axb5 Bxb5 43. Kh2 Kg7 44. h4 Kf6 45. Nh3 Ke5 46. Ba8 h6
47. Be4 g5 1/2-1/2

[Event "12sen.WM-D Naumburg"]
[Site "Naumburg/Saale(20.10.-03.11.)"]
[Date "2002.10.29"]
[Round "7"]
[White "Strelnikova, Elena"]
[Black "Fatalibekova, Elena"]
[Result "0-1"]
[WhiteElo "2175"]
[BlackElo "2297"]
[PlyCount "66"]
[EventDate "2002.11.??"]

1. e4 c5 2. f4 Nc6 3. Nf3 g6 4. Bb5 Bg7 5. Nc3 Nd4 6. a4 e6 7. O-O Ne7 8. d3
O-O 9. Bc4 d5 10. Ba2 b6 11. e5 Nec6 12. Ne2 Nxf3+ 13. Rxf3 f6 14. exf6 Qxf6
15. c3 Bb7 16. d4 cxd4 17. cxd4 Nxd4 18. Rf2 Rae8 19. Nc3 Kh8 20. Be3 Nf5 21.
Bd2 Qd8 22. Re2 Ba6 23. Nb5 Bxb5 24. axb5 Nd4 25. Bc3 Nxe2+ 26. Qxe2 Bxc3 27.
bxc3 Qc7 28. c4 Qxf4 29. Qb2+ d4 30. g3 Qe3+ 31. Kg2 e5 32. Qb3 Rf5 33. Rd1
Ref8 0-1

[Event "12sen.WM-D Naumburg"]
[Site "Naumburg/Saale(20.10.-03.11.)"]
[Date "2002.10.29"]
[Round "7"]
[White "Zakhvatova, Roufina"]
[Black "Luft, Helga"]
[Result "0-1"]
[WhiteElo "1558"]
[BlackElo "1761"]
[PlyCount "68"]
[EventDate "2002.11.??"]

1. d4 d5 2. Nf3 Nf6 3. Bg5 e6 4. e3 Be7 5. Nbd2 O-O 6. Ne5 h6 7. Bh4 Nh7 8.
Bxe7 Qxe7 9. Bd3 Nd7 10. Nxd7 Bxd7 11. O-O c5 12. dxc5 Qxc5 13. Nb3 Qc7 14. Rc1
Nf6 15. c4 dxc4 16. Rxc4 Bc6 17. Nd4 Qb6 18. Nxc6 bxc6 19. Qc2 Rab8 20. b3 Rbc8
21. Rc1 Rfd8 22. Be2 Rd6 23. e4 e5 24. Qc3 Rd4 25. Bd3 Rcd8 26. Rxd4 Rxd4 27.
g3 c5 28. Kg2 Nd7 29. f3 Qd6 30. Bb5 Rd2+ 31. Kh3 h5 32. Bc4 g5 33. g4 hxg4+
34. fxg4 Qh6+ 0-1

[Event "12sen.WM-D Naumburg"]
[Site "Naumburg/Saale(20.10.-03.11.)"]
[Date "2002.10.30"]
[Round "8"]
[White "Beliaeva, Natalia"]
[Black "Shestoperova, Alexandrova"]
[Result "0-1"]
[WhiteElo "2111"]
[BlackElo "2169"]
[PlyCount "35"]
[EventDate "2002.11.??"]

1. d4 e6 2. Nf3 f5 3. g3 Nf6 4. Bg2 b5 5. O-O d5 6. Bg5 Bd6 7. c3 h6 8. Bd2 O-O
9. a4 c6 10. b3 Nbd7 11. Qc2 Ne4 12. axb5 cxb5 13. c4 bxc4 14. bxc4 dxc4 15.
Qxc4 Nb6 16. Qb3 Re8 17. Bb4 Bxb4 18. Qxb4 0-1

[Event "12sen.WM-D Naumburg"]
[Site "Naumburg/Saale(20.10.-03.11.)"]
[Date "2002.10.30"]
[Round "8"]
[White "Dmitrieva, Alla"]
[Black "Luft, Helga"]
[Result "0-1"]
[WhiteElo "1566"]
[BlackElo "1761"]
[PlyCount "70"]
[EventDate "2002.11.??"]

1. e4 c6 2. Nc3 d5 3. exd5 cxd5 4. d4 a6 5. Nf3 Nc6 6. Be2 Bf5 7. a3 Nf6 8. O-O
e6 9. Bg5 Be7 10. h3 h6 11. Bh4 Ne4 12. Bxe7 Qxe7 13. Bd3 Nxc3 14. bxc3 Bxd3
15. Qxd3 Na5 16. Nd2 Rc8 17. Nb3 Nc4 18. Nc5 O-O 19. Rfb1 Rc7 20. a4 Nd6 21.
Rb3 e5 22. Re1 e4 23. Qg3 Nc4 24. Rb4 a5 25. Rb5 b6 26. Nb3 Rd7 27. Qg4 Rd6 28.
Nc1 Rfd8 29. Ne2 Rg6 30. Qf5 Rg5 31. Qf4 Qe6 32. Ng3 Qg6 33. Kh2 h5 34. h4 Rg4
35. Qf5 Rxg3 0-1